Am I Mayo? - Statistics

General Stats
  • This quiz has been taken 105 times
  • The average score is 7 of 10
Answer Stats
Question Answer % Correct
I commonly frequent these establishments... Burger restaurants
100%
My legal first name is... Mayonnaise
100%
I am commonly found near... Sandwiches
100%
I serve as a base for... Tartar sauce
100%
I am best described as... Cold, soft, and creamy
83%
My color is best described as being... White
83%
I am commonly associated with this disease... Salmonella
67%
This company has a monopoly on me within the United States... Unilever
33%
I was born in... The Great Lakes region
17%
Most of my ancestors were born in... Spain
0%
No matching quizzes found
Score Distribution
Percent of People with Each Score
Percentile by Number Answered
Your Score History
You have not taken this quiz